Mário Pedrosa y el CISAC: configuraciones afectivas, artísticas y políticas

Saved in:
Bibliographic Details
Main Authors: Cofré Cubillos, Claudia (Author), González Castro, Francisco (Author), Quezada Yáñez, Lucy (Author)
Format: Book
Language:Spanish
Published: Santiago Ediciones Metales Pesados 2019
Edition:1a. ed
Subjects:
Tags: Add Tag
No Tags, Be the first to tag this record!

MARC

LEADER 00000cam a2200000 a 4500
001 UCB0189
003 CL-VaPUC
005 20210819110218.0
008 191220e20190000cl spa d
999 |c 375898  |d 375896 
020 |a 9789566048091 
040 |c Pontificia Universidad Católica de Valparaíso 
082 0 4 |a 701 COF 2019  |2 21 
100 1 |a Cofré Cubillos, Claudia  |e author  |9 604844 
245 1 0 |a Mário Pedrosa y el CISAC: configuraciones afectivas, artísticas y políticas 
250 |a 1a. ed 
260 |a Santiago  |b Ediciones Metales Pesados  |c 2019 
300 |a 161 p 
583 |a last modification  |c 20191220 13:26:00  |k cmena 
650 0 0 |a Filosofía del arte  |9 264951 
650 0 0 |a Crítica de arte  |9 334590 
700 |a González Castro, Francisco  |e author  |9 605517 
700 1 |a Quezada Yáñez, Lucy  |e author  |9 605518 
942 |c BK  |2 ddc 
945 |a dcastane  |d 20191220 13:26:00 
952 |0 0  |1 0  |2 ddc  |4 0  |6 701_000000000000000_COF_2019  |7 0  |9 495006  |a BIBART  |b BIBART  |d 2019-12-13  |e 4  |g 10000.00  |i 5568056  |o 701 COF 2019  |p 5568056  |r 2025-03-13  |t 1  |v 10000.00  |w 2019-12-13  |y BK